Day of the dragonstar /

Bibliographic Details
Main Author: Bischoff, David, 1951-
Other Authors: Monteleone, Thomas F.
Format: Book
Language:English
Published: New York : Berkley Books, [1983]

MARC

Tag First Indicator Second Indicator Subfields
LEADER 00000cam a2200000 a 4500
001 in00000016136
005 20151007052707.0
008 830519s1983 nyu 00011 eng d
020 |a 0425059324 (pbk.) :  |c $2.75 
035 |a (OCoLC)09525124 
035 |9 AAA8822AM 
040 |a GZF  |c GZF  |d m/c  |d TXA  |d UtOrBLW 
049 |a TXAS  |c [A09875001] 
050 4 |a PS3552.I759  |b D3 1983 
100 1 |a Bischoff, David,  |d 1951- 
245 1 0 |a Day of the dragonstar /  |c David F. Bischoff and Thomas F. Monteleone. 
264 1 |a New York :  |b Berkley Books,  |c [1983] 
264 4 |c ©1983 
300 |a 291 pages ;  |c 18 cm. 
336 |a text  |b txt  |2 rdacontent 
337 |a unmediated  |b n  |2 rdamedia 
338 |a volume  |b nc  |2 rdacarrier 
500 |a The Cushing Library/Science Fiction copy is part of the Joe R. Lansdale Collection. 
700 1 |a Monteleone, Thomas F. 
999 |a MARS 
999 f f |s 9b1ae308-549e-3aa0-a942-707cd894dba7  |i c1a80053-13b6-3ff6-9b1c-4714ce38abcb  |t 0 
952 f f |p ric  |a Texas A&M University  |b Rellis Campus  |c Joint Library Facility  |s JLF  |d Remote Storage  |t 0  |e PS3552.I759 D3 1983  |h Library of Congress classification  |i unmediated -- volume  |m A14839297021 
998 f f |a PS3552.I759 D3 1983  |t 0  |l Remote Storage